Prehľad vysokých škôl 2006/2007

Salvato in:
Dettagli Bibliografici
Natura: Libro
Lingua:slovacco
Pubblicazione: Bratislava Ústav informácií a prognóz školstva 2006
Soggetti:
Tags: Aggiungi Tag
Nessun Tag, puoi essere il primo ad aggiungerne!!

MARC

LEADER 00000nam$a2200000$$$4500
001 0052145
005 20240313135058.6
041 0 |a slo 
044 |a SK 
245 1 0 |a Prehľad vysokých škôl 2006/2007 
264 1 |a Bratislava  |b Ústav informácií a prognóz školstva  |c 2006 
300 |a 208 s. 
610 2 0 |a školy vysoké 
610 2 0 |a univerzity 
610 2 0 |a štúdium vysokoškolské 
610 2 0 |a odbory študijné 
610 2 0 |a Slovensko